| 000 | 00395pab a2200145 454500 | ||
|---|---|---|---|
| 008 | 180718b1998 xxu||||| |||| 00| 0 eng d | ||
| 100 | _aYeung, Henry Wai-Chung | ||
| 245 | _aThe social-spatial constitution of business organizations: a geographical perspective | ||
| 260 | _c1998 | ||
| 300 | _ap.101-28 | ||
| 362 | _aFeb | ||
| 650 | _aOrganizations | ||
| 773 | _aOrganization | ||
| 909 | _a37331 | ||
| 999 |
_c37331 _d37331 |
||